000 00486nam a2200181 a 4500
001 1774865108571
003 YourLibrary
005 20260330153909.0
008 260330s2008##################000#0#eng##
020 _a9781403949356
082 0 4 _a361.3072
_bHUM
100 1 _aHumphries, Beth,
_eauthor.
245 1 0 _aSocial Work Research for Social Justice :
260 _bRed Globe Press,
_c2008.
650 0 _aEducation.
942 _cENGLISH
040 _aYourLibrary
_beng
_cYourLibrary
999 _c618456
_d618456